Mastering Autodesk® Revit® 2018

में बचाया:
ग्रंथसूची विवरण
मुख्य लेखक:  Kirby, Lance
स्वरूप: Sách
भाषा:Undetermined
प्रकाशित:  Sybex, a Wiley brand  2017
विषय:
टैग : टैग जोड़ें
कोई टैग नहीं, इस रिकॉर्ड को टैग करने वाले पहले व्यक्ति बनें!
Thư viện lưu trữ: Trung tâm Thư viện - Trường Đại học Công nghiệp TP. Hồ Chí Minh
LEADER 00569nam a2200157Ia 4500
001 UIH_06589
008 231011s9999 xx 000 0 und d
082 |a  720.284 
100 |a  Kirby, Lance 
245 0 |a  Mastering Autodesk® Revit® 2018 
245 0 |c  Kirby, Lance 
260 |b  Sybex, a Wiley brand 
260 |c  2017 
650 |a  Architectural design; a Architectural drawing; Thiết kế kiến trúc; Bản vẽ kiến trúc;  
927 |a Sách 
980 |a Trung tâm Thư viện - Trường Đại học Công nghiệp TP. Hồ Chí Minh